[Event "It \"]
[Site "masterchessopen.com Pardubice (Czech Republic)"]
[Date "2009.07.22"]
[Round "2"]
[White "Lorscheid Gerhard (GER)"]
[Black "Babula Vlastimil (CZE)"]
[Result "0-1"]
[WhiteElo "2345"]
[BlackElo "2566"]

1.d4 Nf6 2.c4 e6 3.Nc3 Bb4 4.Qc2 d5 5.a3 Bxc3+ 6.Qxc3 O-O 7.Bg5 c5 8.dxc5 d4
9.Qc2 e5 10.O-O-O h6 11.Bh4 Nbd7 12.Nf3 Qe7 13.g4 Nxc5 14.g5 hxg5 15.Bxg5 Bg4
16.Rg1 d3 17.Qc3 Nce4 18.Qxd3 Nxf2 19.Qd6 Qxd6 20.Rxd6 N6e4 21.Rd5 f6 22.Bh4
Be6 23.Rb5 b6 24.e3 Rac8 25.Nd2 Nxd2 26.Kxd2 Ne4+ 27.Ke1 Bxc4 28.Rb4 Bd5
29.Rg4 Rc1+ 30.Ke2 f5 31.Rgxe4 Bxe4 32.Bg3 Rfc8 {#R} 0-1

[Event "It \"]
[Site "masterchessopen.com Pardubice (Czech Republic)"]
[Date "2009.07.23"]
[Round "6"]
[White "Golichenko Ilija (UKR)"]
[Black "Laznicka Viktor (CZE)"]
[Result "1-0"]
[WhiteElo "2420"]
[BlackElo "2617"]

1.d4 Nf6 2.c4 e6 3.Nc3 Bb4 4.Qc2 d5 5.a3 Bxc3+ 6.Qxc3 c5 7.cxd5 cxd4 8.Qxd4
Nc6 9.Qd1 exd5 10.Nf3 O-O 11.e3 Ne4 12.Be2 Bg4 13.O-O Re8 14.h3 Bh5 15.Nd4
Bxe2 16.Nxe2 Qf6 17.Qxd5 Rad8 18.Qa2 Nxf2 19.Qb3 Nxh3+ 20.gxh3 Qg6+ 21.Kh2 Ne5
22.Qxb7 Qd6 23.Ng3 h5 24.Qg2 Rc8 25.Nf5 Qf6 26.e4 Ng6 27.Nh6+ {#r} 1-0

[Event "It (open)"]
[Site "masterchessopen.com Sitges (Spain)"]
[Date "2009.07.28"]
[Round "7"]
[White "Cruz Cristhian (PER)"]
[Black "Cruz Filemon (PER)"]
[Result "1-0"]
[WhiteElo "2525"]
[BlackElo "2415"]

1.d4 Nf6 2.c4 e6 3.Nc3 Bb4 4.Qc2 d5 5.a3 Bxc3+ 6.Qxc3 O-O 7.Bg5 Nbd7 8.e3 b6
9.cxd5 exd5 10.Bb5 Bb7 11.Rc1 c6 12.Bd3 Qe7 13.Nf3 h6 14.Bh4 Qe6 15.Nd2 Rfe8
16.O-O Nf8 17.Qc2 g6 18.Rfe1 Ne4 19.f3 Nxd2 20.Qxd2 Qd7 21.Bb1 Kg7 22.e4 g5
23.Bf2 Ng6 24.e5 Re7 25.h4 gxh4 26.f4 Qg4 27.f5 h3 28.g3 Qf3 29.Be3 Qxg3+
30.Kh1 Nh4 31.Rg1 Qg2+ 32.Rxg2+ hxg2+ 33.Qxg2+ Nxg2 34.f6+ Kh8 35.Bxh6 Nh4
36.fxe7 Re8 37.Bg5 Ng6 38.Bf6+ Kg8 39.Rg1 Bc8 40.Rxg6+ {#r} 1-0

[Event "It (cat.1) (b)"]
[Site "masterchessopen.com Budapest (Hungary)"]
[Date "2009.08.03"]
[Round "3"]
[White "Balazs Gabor (HUN)"]
[Black "Tesik Csaba (HUN)"]
[Result "1-0"]
[WhiteElo "2277"]
[BlackElo "2172"]

1.d4 Nf6 2.c4 e6 3.Nc3 Bb4 4.Qc2 d5 5.a3 Bxc3+ 6.Qxc3 c5 7.dxc5 d4 8.Qc2 e5
9.e4 a5 10.Nf3 Nc6 11.Bd3 O-O 12.b3 Nd7 13.Bd2 Nxc5 14.O-O Bg4 15.Ne1 f5 16.h3
Nxd3 17.Nxd3 Bh5 18.exf5 e4 19.Nf4 d3 20.Qb2 Bf7 21.Rae1 Re8 22.f3 a4 23.fxe4
axb3 24.Nd5 Qd6 25.Qxb3 Rxa3 26.Qxb7 Qc5+ 27.Kh1 Qxc4 28.f6 g6 29.Rc1 Qxe4
30.Ne7+ Kh8 31.Qxc6 {#r} 1-0

[Event "It (open)"]
[Site "masterchessopen.com Barcelona (Spain)"]
[Date "2009.08.26"]
[Round "6"]
[White "Cruz Cristhian (PER)"]
[Black "Fier Alexander Hilario Takeda (BRA)"]
[Result "0-1"]
[WhiteElo "2525"]
[BlackElo "2604"]

1.d4 Nf6 2.c4 e6 3.Nc3 Bb4 4.Qc2 d5 5.a3 Bxc3+ 6.Qxc3 c5 7.dxc5 d4 8.Qg3 Nc6
9.b4 e5 10.e4 O-O 11.Bd3 b6 12.cxb6 axb6 13.Rb1 Nh5 14.Qf3 Nf4 15.Ne2 Bg4
16.Qg3 Bxe2 17.Bxe2 d3 18.Bd1 Qd4 19.O-O d2 20.Bb2 Qxe4 21.Bf3 Qxc4 22.Kh1
Rad8 23.Rfd1 Nd4 24.h3 Nxf3 25.Qxf3 Rd3 26.Qb7 Nxh3 27.gxh3 Rxh3+ 28.Kg1 Rh5
29.Qg2 h6 30.f4 Qxf4 {#R} 0-1

[Event "Ch Region"]
[Site "masterchessopen.com Angarsk (Russia)"]
[Date "2009.10.28"]
[Round "3"]
[White "Galaktionov Pavel (RUS)"]
[Black "Obolenskikh Dmitry (RUS)"]
[Result "0-1"]
[WhiteElo "2174"]
[BlackElo "2419"]

1.d4 e6 2.c4 Nf6 3.Nc3 Bb4 4.Qc2 d5 5.a3 Bxc3+ 6.Qxc3 O-O 7.Bg5 h6 8.Bh4 Nbd7
9.Nf3 Qe8 10.e3 b6 11.Qc2 Ba6 12.b4 c5 13.dxc5 bxc5 14.b5 Bb7 15.Be2 dxc4
16.Bxc4 Nb6 17.Bxf6 gxf6 18.Be2 Qe7 19.a4 Nd7 20.a5 f5 21.O-O Kh7 22.Rfd1 Rg8
23.g3 Rac8 24.Ra4 Be4 25.Qc3 f6 26.Nd2 Bd5 27.Bf3 Bxf3 28.Nxf3 Rgd8 29.e4 f4
30.Kg2 fxg3 31.hxg3 Nf8 32.Rc1 Kg7 33.Qe3 Nd7 34.e5 f5 35.Rh4 Rh8 36.Rch1 Rcg8
37.Rxh6 Rxh6 38.Qxh6+ Kf7 39.Rd1 Rg6 40.Qh7+ Rg7 41.Qh8 Nf8 42.Qh5+ Kg8 43.Rd6
Ng6 44.Rc6 Nf4+ {#R} 0-1

[Event "Ch Europe (active)"]
[Site "masterchessopen.com Warsaw (Poland)"]
[Date "2009.12.19"]
[Round "5"]
[White "Likavsky Tomas (SVK)"]
[Black "Kurpiewski Slawomir (POL)"]
[Result "1-0"]
[WhiteElo "2484"]
[BlackElo "2212"]

1.d4 Nf6 2.c4 e6 3.Nc3 Bb4 4.Qc2 d5 5.a3 Bxc3+ 6.Qxc3 O-O 7.Nf3 Nbd7 8.e3 b6
9.b4 c5 10.Be2 Bb7 11.O-O Rc8 12.dxc5 bxc5 13.Bb2 Nb6 14.cxd5 Na4 15.Qb3 Nxb2
16.dxe6 c4 17.Qxb2 fxe6 18.Rac1 Bd5 19.Ne5 Ne4 20.Bxc4 Rxc4 21.Nxc4 Qg5 22.f3
Nf6 23.Qe2 h5 24.e4 Ba8 25.Qd2 Qg6 26.Ne5 Qe8 27.Qg5 Qb5 28.Rc5 Qb6 29.Rc1 Bb7
30.Kh1 Rd8 31.h4 Ne8 32.Qxh5 Qd6 33.Qf7+ Kh8 34.Qxe8+ Rxe8 35.Nf7+ Kh7 36.Nxd6
{#r} 1-0

[Event "It (open)"]
[Site "masterchessopen.com Litomysl (Czech Republic)"]
[Date "2009.12.26"]
[Round "1"]
[White "Seifert Volker (GER)"]
[Black "Van Nieuwenhuize Hans (NED)"]
[Result "1-0"]
[WhiteElo "2355"]
[BlackElo "1989"]

1.d4 Nf6 2.c4 e6 3.Nc3 Bb4 4.Qc2 d5 5.a3 Bxc3+ 6.Qxc3 h6 7.Nf3 O-O 8.e3 Nbd7
9.b3 b6 10.Be2 Bb7 11.O-O c5 12.Bb2 Ne4 13.Qc2 Rc8 14.Rad1 Qe7 15.Ne5 Nxe5
16.dxe5 dxc4 17.bxc4 f5 18.exf6 Nxf6 19.Qg6 Qf7 20.Qg3 Rcd8 21.f3 Nh5 22.Qh4
Nf6 23.e4 Qe7 24.Qh3 Qf7 25.Qh4 Qe7 26.g3 Kh8 27.e5 Ng8 28.Qg4 Rxd1 29.Rxd1
Qf7 30.Rd3 Bc6 31.f4 Be4 32.Rd6 Bf5 33.Qf3 Qe7 34.Qc6 Rd8 35.Bc3 g5 36.g4 gxf4
37.Rxd8 Qxd8 38.gxf5 Qg5+ 39.Kf2 Qxf5 40.Qf3 Ne7 41.Bd3 Qg5 42.Qh3 Nf5 43.Bxf5
exf5 44.e6+ Kh7 45.Qg2 Qe7 46.Qd5 Qh4+ 47.Kg1 Qg4+ 48.Kh1 f3 49.Qd7+ Kg6
50.Qg7+ {#r} 1-0

[Event "It (open) \"]
[Site "masterchessopen.com Hastings (England)"]
[Date "2010.01.04"]
[Round "8"]
[White "Foord Dominic (ENG)"]
[Black "Mason Donald (ENG)"]
[Result "1-0"]
[WhiteElo "2071"]
[BlackElo "2255"]

1.d4 Nf6 2.c4 e6 3.Nc3 Bb4 4.Qc2 d5 5.a3 Bxc3+ 6.Qxc3 c5 7.dxc5 d4 8.Qg3 Nc6
9.Qxg7 Rg8 10.Qh6 Rg6 11.Qd2 a5 12.Qd1 e5 13.e3 Qe7 14.Ne2 h5 15.Bd2 Qxc5
16.exd4 Nxd4 17.Be3 Rg4 18.h3 Re4 19.Rc1 Bf5 20.Nc3 O-O-O 21.Nd5 Kb8 22.Bd3
Rxe3+ 23.fxe3 Bxd3 24.b4 Nc2+ 25.Rxc2 Bxc2 26.Qxc2 Qa7 27.Kf2 Nxd5 28.cxd5 Qb6
29.Qe4 Qf6+ 30.Kg3 Rc8 31.Kh2 Rc3 32.Rd1 Qg5 33.d6 Rxe3 34.Qxe3 {#r} 1-0

[Event "Tournament (Elo) \"]
[Site "masterchessopen.com Sao Paulo (Brazil)"]
[Date "2010.01.09"]
[Round "4"]
[White "Reis Alan De Albuquerque"]
[Black "Jardim Daphne (BRA)"]
[Result "1-0"]
[WhiteElo "2006"]
[BlackElo "1947"]

1.d4 Nf6 2.c4 e6 3.Nc3 Bb4 4.Qc2 d5 5.a3 Bxc3+ 6.bxc3 O-O 7.Nf3 Nbd7 8.Bg5 c6
9.e3 Re8 10.Ne5 Qc7 11.Nxd7 Nxd7 12.cxd5 cxd5 13.Bd3 h6 14.Bh4 Nb6 15.O-O Nc4
16.e4 Bd7 17.e5 Rec8 18.Qe2 Qa5 19.Rfc1 Bb5 20.Be7 Qc7 21.Bh4 Qd7 22.g4 Ba4
23.g5 g6 24.gxh6 Kh7 25.Bf6 Na5 26.Rab1 Bb3 27.h4 Bc4 28.h5 Bxd3 29.Qxd3 Rc6
30.Kh2 Rac8 31.Rg1 Qe8 32.Rbc1 Nb3 33.Rc2 Rc4 34.Rb1 Nxd4 35.hxg6+ fxg6
36.Rxb7+ R8c7 37.Rxc7+ Rxc7 38.cxd4 Rf7 39.Qa6 Rxf6 40.exf6 Qb8+ 41.Kg2 Qf4
42.Qxe6 Qg5+ 43.Kf1 Qh5 44.Rc7+ Kxh6 45.Qe3+ g5 46.Qd3 Qh1+ 47.Ke2 Qh5+ 48.Kd2
g4 49.Rh7+ {#r} 1-0

[Event "Tournament \"]
[Site "masterchessopen.com Sydney (Australia)"]
[Date "2010.01.09"]
[Round "7"]
[White "Liuga Victor"]
[Black "Lane Clive"]
[Result "0-1"]
[WhiteElo "1469"]
[BlackElo "1540"]

1.d4 Nf6 2.c4 e6 3.Nc3 Bb4 4.Qc2 d5 5.a3 Bxc3+ 6.bxc3 O-O 7.Bg5 Nbd7 8.e3 h6
9.Bh4 c5 10.Nf3 Qc7 11.Bg3 Qa5 12.Nd2 cxd4 13.exd4 Re8 14.f4 Nh5 15.Kf2 Nb6
16.Be2 Nf6 17.Bd3 Bd7 18.c5 Na4 19.Rhc1 b5 20.Rab1 a6 21.h3 Rac8 22.Nb3 Qd8
23.Bh4 Qc7 24.Qd2 Ne4+ 25.Bxe4 dxe4 26.Bg3 Qd8 27.Qe3 Bc6 28.Kg1 Bd5 29.Nd2 f5
30.c4 Bc6 31.cxb5 axb5 32.Nb3 Qc7 33.Kh2 Red8 34.Rd1 Bd5 35.Qd2 Bc4 36.Nc1
Nxc5 37.Ne2 Nd3 38.Kg1 Ra8 39.Qc3 Qa5 40.Bh4 Rd7 41.Qxa5 Rxa5 42.Ra1 Rda7
43.Rab1 Rxa3 44.Nc1 Nxf4 {#R} 0-1

[Event "Ch England (team) 2009/10"]
[Site "masterchessopen.com England"]
[Date "2010.02.21"]
[Round "6"]
[White "Richter Hans Dr (CHI)"]
[Black "Burrows Martin (ENG)"]
[Result "1-0"]
[WhiteElo "2160"]
[BlackElo "2172"]

1.d4 Nf6 2.c4 e6 3.Nc3 Bb4 4.Qc2 d5 5.a3 Bxc3+ 6.Qxc3 c5 7.dxc5 Nc6 8.cxd5
exd5 9.e3 O-O 10.Nf3 Ne4 11.Qc2 Qa5+ 12.Bd2 Qxc5 13.Qxc5 Nxc5 14.Bb4 Nxb4
15.axb4 Na6 16.b5 Nb4 17.Ra4 a5 18.bxa6 Nxa6 19.Ra5 Be6 20.Bxa6 bxa6 21.Nd4
Rfb8 22.b3 Rb6 23.Kd2 Kf8 24.Rc1 Ke7 25.Rc6 Rxc6 26.Nxc6+ Kd6 27.Nb4 d4
28.exd4 Bxb3 29.Rxa6+ Rxa6 30.Nxa6 Bc4 31.Nc5 Bf1 32.g3 Kd5 33.Ke3 Bh3 34.Nd3
g5 35.Nb4+ Kd6 36.Na2 h6 37.Nc3 Ke6 38.Ne2 Bf1 39.f3 Kd5 40.Nc3+ Ke6 41.Ne4
Bc4 42.Nc3 Kd6 43.Ke4 Be6 44.d5 Bc8 45.Kd4 Bb7 46.Ne4+ Ke7 47.Ke5 Ba6 {#r} 1-0

[Event "Ch Europe"]
[Site "masterchessopen.com Rijeka (Croatia)"]
[Date "2010.03.06"]
[Round "1"]
[White "Maiorov Nikita (BLR)"]
[Black "Gradiser Dragoljub (CRO)"]
[Result "1-0"]
[WhiteElo "2546"]
[BlackElo "1966"]

1.d4 e6 2.c4 Nf6 3.Nc3 Bb4 4.Qc2 d5 5.a3 Bxc3+ 6.Qxc3 h6 7.e3 Nbd7 8.Nf3 Ne4
9.Qc2 O-O 10.Bd3 f5 11.O-O c6 12.b4 g5 13.Nd2 g4 14.f3 Nxd2 15.Qxd2 h5 16.e4
Qf6 17.exf5 exf5 18.Qf2 Nb6 19.c5 Nc4 20.fxg4 hxg4 21.Bf4 Rf7 22.Rae1 Bd7
23.a4 a6 24.Kh1 Raf8 25.Re2 Re7 26.Rxe7 Qxe7 27.Bxc4 dxc4 28.Bd6 Qf6 29.Bxf8
Kxf8 30.Qf4 Qg6 31.Re1 Be8 32.Qb8 c3 33.Qxb7 Bf7 34.Qb8+ Kg7 35.Qe5+ Qf6
36.Rc1 Qxe5 37.dxe5 Bb3 38.Rxc3 Bxa4 39.Rd3 Kf7 40.Rd6 Ke7 {#r} 1-0

[Event "It (open)"]
[Site "masterchessopen.com Dubai (United Arab Emirates)"]
[Date "2010.04.06"]
[Round "2"]
[White "Saeed Ishaq (UAE)"]
[Black "Laxman R R (IND)"]
[Result "0-1"]
[WhiteElo "2224"]
[BlackElo "2498"]

1.d4 Nf6 2.c4 e6 3.Nc3 Bb4 4.Qc2 d5 5.a3 Bxc3+ 6.Qxc3 O-O 7.Bg5 b6 8.e3 Bb7
9.f3 Nbd7 10.cxd5 Nxd5 11.Bxd8 Nxc3 12.Bh4 Nd5 13.Bf2 f5 14.Bb5 c6 15.Ba4 Rac8
16.Ne2 b5 17.Bb3 c5 18.O-O c4 19.Ba2 N7b6 20.e4 fxe4 21.fxe4 Nf4 22.Nc3 Bc6
23.b3 cxb3 24.Bxb3 Bd7 25.Nd1 Ne2+ 26.Kh1 Nxd4 27.Rb1 Nxb3 28.Rxb3 Nc4 29.Rd3
Bc6 30.Nc3 Nxa3 31.Kg1 b4 32.Na2 Bb5 33.Nxb4 Nc2 34.Rb1 Nxb4 35.Ra3 a6 36.Bg3
Nc2 37.Ra2 Nd4 38.Be5 Ne2+ 39.Kh1 Rc1+ {#R} 0-1

[Event "Ch Israel (team)"]
[Site "masterchessopen.com Israel"]
[Date "2010.05.07"]
[Round "9"]
[White "Tarnopolsky Anatoly (ISR)"]
[Black "Huzman Alexander (ISR)"]
[Result "0-1"]
[WhiteElo "2276"]
[BlackElo "2605"]

1.d4 Nf6 2.c4 e6 3.Nc3 Bb4 4.Qc2 d5 5.a3 Bxc3+ 6.Qxc3 O-O 7.Bg5 dxc4 8.Qxc4 b6
9.Nf3 Ba6 10.Bxf6 Qxf6 11.Qxc7 Rc8 12.Qe5 Qg6 13.Qg5 Qc2 14.Qd2 Qb3 15.Qb4 Qc2
16.Qd2 Qe4 17.Qe3 Qxe3 18.fxe3 Nd7 19.g3 Nf6 20.Kd1 Bc4 21.Nd2 Bd5 22.e4 Nxe4
23.Rg1 Nf2+ 24.Ke1 Rc2 25.Kxf2 Rxd2 26.b4 Rc8 27.Bh3 Rcc2 28.Rge1 Rxd4 29.Rad1
Rxd1 30.Rxd1 g6 31.Rd3 h5 32.Re3 Kf8 33.Bg2 Bc4 34.Bf3 Ke7 35.Ke1 Kd6 36.Kd1
Ra2 {#R} 0-1

[Event "Ch Canarias (juniors)"]
[Site "masterchessopen.com Vecindario (Spain)"]
[Date "2010.06.10"]
[Round "2"]
[White "Rodriguez Ferraz Borja (ESP)"]
[Black "Salazar De La Cruz Jose Maria (ESP)"]
[Result "1-0"]
[WhiteElo "2079"]
[BlackElo "1700"]

1.d4 Nf6 2.c4 e6 3.Nc3 Bb4 4.Qc2 d5 5.a3 Bxc3+ 6.bxc3 O-O 7.Bg5 c6 8.f3 Re8
9.e4 dxe4 10.fxe4 e5 11.d5 cxd5 12.cxd5 Na6 13.Bb5 Bd7 14.Bxf6 gxf6 15.Bxa6
bxa6 16.Ne2 Qb6 17.Rf1 Rac8 18.Rf3 Bb5 19.Qd2 Bxe2 20.Kxe2 Rc4 21.Re3 Rec8
22.Kf1 Qb5 23.Ke1 Qc5 24.Rc1 Qxa3 25.d6 Qc5 26.Kf1 Qb5 27.Kg1 Qc5 28.Kh1 Rd4
29.Rg3+ Kf8 30.Qh6+ Ke8 31.Rg8+ Kd7 32.Rxc8 {#r} 1-0

[Event "It (open)"]
[Site "masterchessopen.com Eforie Nord (Romania)"]
[Date "2010.06.23"]
[Round "7"]
[White "Gajewski Grzegorz (POL)"]
[Black "Turov Maxim (RUS)"]
[Result "0-1"]
[WhiteElo "2568"]
[BlackElo "2639"]

1.d4 Nf6 2.c4 e6 3.Nc3 Bb4 4.Qc2 d5 5.a3 Bxc3+ 6.Qxc3 O-O 7.Nf3 dxc4 8.Qxc4 b6
9.Bg5 Ba6 10.Qa4 c5 11.Rd1 cxd4 12.Ne5 Qd5 13.Qxd4 Qxd4 14.Rxd4 Rc8 15.g3 Bb7
16.f3 Nd5 17.e4 f6 18.Nc4 fxg5 19.exd5 Bxd5 20.Be2 Nc6 21.Rd1 g4 22.Rf1 gxf3
23.Rxf3 b5 24.Nd6 Rd8 25.Nxb5 Bxf3 26.Bxf3 Rxd1+ 27.Bxd1 Rb8 28.Ba4 a6 29.Nd6
Nd4 30.b4 Nb5 31.Nc4 Rd8 32.Bd1 Rd4 33.Be2 Nc3 34.Bf1 Rd1+ 35.Kf2 Ra1 36.Bh3
Kf7 37.Bg2 Ra2+ 38.Kg1 Nb5 39.Bb7 Nxa3 40.Ne5+ Kf6 41.Nd7+ Ke7 42.Nc5 Nc2
43.Nxa6 Rb2 44.Be4 h6 45.b5 Nd4 {#R} 0-1

[Event "It (open)"]
[Site "masterchessopen.com Rethymno (Greece)"]
[Date "2010.07.13"]
[Round "1"]
[White "Fanourgakis Konstantinos (GRE)"]
[Black "Maiorov Nikita (BLR)"]
[Result "0-1"]
[WhiteElo "1814"]
[BlackElo "2546"]

1.d4 Nf6 2.c4 e6 3.Nc3 Bb4 4.Qc2 d5 5.a3 Bxc3+ 6.bxc3 O-O 7.Bg5 c5 8.e3 Nbd7
9.cxd5 exd5 10.Nf3 Qa5 11.Bxf6 Nxf6 12.Nd2 cxd4 13.cxd4 Bd7 14.Bd3 Rac8 15.Qb2
Rc3 16.Ke2 Ne4 17.Bxe4 dxe4 18.Rac1 Rxc1 19.Rxc1 Qh5+ 20.Ke1 Qxh2 21.Qxb7 Bf5
22.Qd5 g6 23.Qb7 Qxg2 24.Qxa7 h5 25.Qc7 Rc8 26.Qxc8+ Bxc8 27.Rxc8+ Kg7 28.d5
Qg1+ 29.Nf1 Qg5 30.Rc5 Qe7 31.Rc3 h4 32.Nd2 h3 {#R} 0-1

[Event "It (open)"]
[Site "masterchessopen.com Rethymno (Greece)"]
[Date "2010.07.17"]
[Round "6"]
[White "Turova Irina (RUS)"]
[Black "Bomans Arno (BEL)"]
[Result "1-0"]
[WhiteElo "2433"]
[BlackElo "2208"]

1.d4 Nf6 2.c4 e6 3.Nc3 Bb4 4.Qc2 d5 5.a3 Bxc3+ 6.Qxc3 c5 7.dxc5 d4 8.Qg3 Nc6
9.Nf3 O-O 10.Bh6 Ne8 11.O-O-O e5 12.e3 Kh8 13.exd4 e4 14.d5 Ne7 15.Nd4 gxh6
16.Qe5+ Ng7 17.Qxe4 Ng6 18.Qe3 Nf5 19.Nxf5 Bxf5 20.g4 Bd7 21.c6 Bc8 22.cxb7
Bxb7 23.Qd4+ Kg8 24.Bd3 Qb6 25.Bf5 Qxd4 26.Rxd4 Ne7 27.Re1 Nxf5 28.gxf5 Kg7
29.Rg1+ Kf6 30.Rh4 Rac8 31.Rxh6+ Kxf5 32.b3 Rfd8 33.Kd2 Ke5 34.Rxh7 Bxd5
35.cxd5 Rxd5+ 36.Ke2 Rc2+ 37.Kf3 f5 38.Kg2 Rdd2 39.Rf1 a6 40.Ra7 Rd6 41.Re1+
Kf4 42.Re3 Kg5 43.Rg3+ Kf4 44.h4 Ke5 45.h5 Rh6 46.Rg6 Rxh5 47.Raxa6 Ke4
48.Ra4+ Ke5 49.Rb4 {#r} 1-0

[Event "Tournament (Elo)"]
[Site "masterchessopen.com Aarhus (Denmark)"]
[Date "2010.07.18"]
[Round "9"]
[White "Rossen Claus (DEN)"]
[Black "Vang Frank (DEN)"]
[Result "1-0"]
[WhiteElo "2180"]
[BlackElo "1992"]

1.d4 e6 2.c4 Bb4+ 3.Nc3 Nf6 4.Qc2 d5 5.a3 Bxc3+ 6.Qxc3 dxc4 7.Qxc4 b6 8.Bg5
O-O 9.Nf3 Ba6 10.Qc2 Qd5 11.Bxf6 gxf6 12.Qxc7 Nc6 13.Qg3+ Kh8 14.Qf4 Qa5+
15.Qd2 Qa4 16.e3 Bxf1 17.Kxf1 Rac8 18.g3 Na5 19.Qb4 Qd7 20.Kg2 Rc4 21.Qxf8#
1-0

[Event "It (open)"]
[Site "masterchessopen.com Biel (Switzerland)"]
[Date "2010.07.23"]
[Round "5"]
[White "Al Sayed Mohamad N (QAT)"]
[Black "Borne Niels (FRA)"]
[Result "1-0"]
[WhiteElo "2495"]
[BlackElo "2272"]

1.d4 Nf6 2.c4 e6 3.Nc3 Bb4 4.Qc2 d5 5.a3 Bxc3+ 6.Qxc3 dxc4 7.Qxc4 b6 8.Nf3 O-O
9.Bg5 Ba6 10.Qc2 Nbd7 11.e4 Bxf1 12.Rxf1 Qc8 13.O-O-O Qb7 14.Rfe1 Rac8 15.Bh4
c5 16.d5 exd5 17.e5 Ne4 18.Qd3 c4 19.Qxd5 Qxd5 20.Rxd5 Nec5 21.Kb1 Rfe8 22.Rc1
b5 23.b4 cxb3 24.Bg5 Rc7 25.Rxd7 Rxd7 26.Rxc5 {#r} 1-0

[Event "It (open)"]
[Site "masterchessopen.com Pardubice (Czech Republic)"]
[Date "2010.07.24"]
[Round "2"]
[White "Golichenko Ilija (UKR)"]
[Black "Lyell Mark (ENG)"]
[Result "1-0"]
[WhiteElo "2417"]
[BlackElo "2202"]

1.d4 Nf6 2.c4 e6 3.Nc3 Bb4 4.Qc2 d5 5.a3 Bxc3+ 6.Qxc3 c5 7.dxc5 d4 8.Qc2 O-O
9.e3 Nc6 10.b4 e5 11.Bd3 Re8 12.e4 a5 13.Rb1 Ne7 14.Ne2 Ng6 15.O-O Nh5 16.f3
Qf6 17.Bd2 a4 18.g3 Nf8 19.f4 Bh3 20.Rf2 Qg6 21.fxe5 Ne6 22.Kh1 Bg4 23.Rg1 Ng5
24.Bxg5 Qxg5 25.Rgf1 Bh3 26.Qc1 Qg4 27.Re1 Rxe5 28.Nxd4 Rd8 29.Qe3 Re7 30.Nf5
Re6 31.Nd6 Rd7 32.e5 g6 33.Be2 {#r} 1-0

[Event "Tournament (Elo) (a)"]
[Site "masterchessopen.com Budapest (Hungary)"]
[Date "2010.08.09"]
[Round "3"]
[White "Kantor Gergely (HUN)"]
[Black "Henrichsen Jens (DEN)"]
[Result "1-0"]
[WhiteElo "2076"]
[BlackElo "1949"]

1.d4 Nf6 2.c4 e6 3.Nc3 Bb4 4.Qc2 d5 5.a3 Bxc3+ 6.Qxc3 c5 7.dxc5 d4 8.Qc2 e5
9.e4 a5 10.Bg5 h6 11.Bh4 g5 12.Bg3 Qe7 13.Nf3 Nc6 14.Bd3 Qxc5 15.O-O O-O
16.Qd2 Qe7 17.Nxg5 Nxe4 18.Nxe4 f5 19.Qxh6 fxe4 20.Bxe4 {#r} 1-0

[Event "Ch State California"]
[Site "masterchessopen.com Los Angeles (USA)"]
[Date "2010.08.22"]
[Round "7"]
[White "Kavutskiy Konstantin (USA)"]
[Black "Gupta Ankit (USA)"]
[Result "0-1"]
[WhiteElo "2165"]
[BlackElo "2230"]

1.d4 Nf6 2.c4 e6 3.Nc3 Bb4 4.Qc2 d5 5.a3 Bxc3+ 6.Qxc3 c5 7.dxc5 d4 8.Qg3 O-O
9.Bh6 Ne8 10.e3 f6 11.e4 e5 12.Bd3 a5 13.Bd2 Nd7 14.b4 axb4 15.Bxb4 Rf7 16.Ne2
Qc7 17.O-O Nxc5 18.f4 b6 19.fxe5 Qxe5 20.Rad1 Nd6 21.Qf2 Bg4 22.h3 Ndxe4
23.Bxe4 Nxe4 24.Qe1 Bxe2 25.Qxe2 Re8 26.Rfe1 Rd7 27.Qf3 f5 28.Qd3 Red8 29.a4
g6 30.Ra1 Qf4 31.Ra2 Qg3 32.Qf1 d3 33.Bd2 Qc7 34.Rc1 Ng3 35.Qe1 Ne2+ 36.Kh1
Re8 {#R} 0-1

[Event "It (open)"]
[Site "masterchessopen.com Anapa (Russia)"]
[Date "2010.09.01"]
[Round "1"]
[White "Magadeev Azat (RUS)"]
[Black "Azanov Pavel (RUS)"]
[Result "0-1"]
[WhiteElo "1820"]
[BlackElo "2056"]

1.d4 Nf6 2.c4 e6 3.Nc3 Bb4 4.Qc2 d5 5.a3 Bxc3+ 6.Qxc3 O-O 7.Bg5 Nbd7 8.e3 h6
9.Bh4 c6 10.Bd3 Ne4 11.Bxd8 Nxc3 12.Ba5 Ne4 13.Bxe4 dxe4 14.Ne2 b6 15.Bb4 Re8
16.Ng3 Nf6 17.O-O Ba6 18.Rac1 Rad8 19.Rfd1 Rd7 20.h3 Red8 21.c5 Bb7 22.Rd2 Kh7
23.Rcd1 g5 24.Bc3 Kg6 25.cxb6 axb6 26.Rf1 h5 27.f3 exf3 28.Rxf3 c5 29.Rf1 Ba6
30.Rf3 h4 31.dxc5 hxg3 32.Rxf6+ Kh5 33.Rd6 Rxd6 34.cxd6 Rxd6 35.Bd4 Rd7 36.b4
e5 37.b5 Bxb5 38.Rxb6 Rd5 39.Rb7 exd4 40.exd4 Rf5 {#R} 0-1

[Event "Ch Spain"]
[Site "masterchessopen.com El Sauzal (Spain)"]
[Date "2010.09.04"]
[Round "1"]
[White "Rodriguez Ferrer Pablo (ESP)"]
[Black "Illescas Cordoba Miguel (ESP)"]
[Result "0-1"]
[WhiteElo "2101"]
[BlackElo "2591"]

1.d4 Nf6 2.c4 e6 3.Nc3 Bb4 4.Qc2 d5 5.a3 Bxc3+ 6.Qxc3 dxc4 7.Bg5 b5 8.a4 c6
9.Bxf6 Qxf6 10.g3 Bb7 11.Bg2 Qe7 12.d5 cxd5 13.Qxg7 Qb4+ 14.Kf1 Rf8 15.Nh3 Nd7
16.Ng5 O-O-O 17.Qxh7 Qxb2 18.Rb1 Qf6 19.h4 bxa4 20.Qc2 Qd4 21.Qxa4 Kb8 22.Nf3
Qc3 23.Qb5 Nb6 24.Kg1 Qa3 25.Nd4 Rc8 26.Nc2 Qc5 27.Qb2 c3 28.Qc1 e5 29.Qh6 f5
30.Qg5 Rce8 31.h5 f4 32.g4 Rg8 33.Qh4 Qc4 34.Re1 Qa4 35.Rc1 Qb5 36.h6 Qxe2
37.h7 Rh8 38.g5 Qd2 39.Kh2 Qd3 40.Kg1 Re7 41.g6 Rg7 42.Ne1 Qxg6 43.Qh5 Qxh5
44.Rxh5 d4 45.f3 Nc4 {#R} 0-1

[Event "Ch State New York"]
[Site "masterchessopen.com Colonie (USA)"]
[Date "2010.09.06"]
[Round "6"]
[White "Sarkar Justin (USA)"]
[Black "Kwartler Lonnie (USA)"]
[Result "0-1"]
[WhiteElo "2389"]
[BlackElo "2192"]

1.d4 Nf6 2.c4 e6 3.Nc3 Bb4 4.Qc2 d5 5.a3 Bxc3+ 6.Qxc3 O-O 7.Bg5 c6 8.e3 Ne4
9.Bxd8 Nxc3 10.Bc7 Ne4 11.f3 Nf6 12.Bd6 Re8 13.Bd3 Nbd7 14.cxd5 exd5 15.Kd2
Nf8 16.Ne2 Ne6 17.Rac1 g6 18.Rc3 Ng7 19.g4 h5 20.Be5 Nh7 21.Bxg7 Kxg7 22.gxh5
gxh5 23.Rg1+ Kh6 24.Rcc1 Nf6 25.h4 Rg8 26.Rxg8 Nxg8 27.Rg1 Ne7 28.Nf4 f6
29.Ng6 Nf5 30.Nh8 Kh7 31.Nf7 {#R} 0-1

[Event "Ch World (blitz) (w) (final)"]
[Site "masterchessopen.com Moscow (Russia)"]
[Date "2010.09.17"]
[Round "12"]
[White "Koneru Humpy (IND)"]
[Black "Kosteniuk Alexandra (RUS)"]
[Result "1-0"]
[WhiteElo "2593"]
[BlackElo "2524"]

1.d4 Nf6 2.c4 e6 3.Nc3 Bb4 4.Qc2 d5 5.a3 Bxc3+ 6.Qxc3 c5 7.dxc5 d4 8.Qg3 Nc6
9.b4 O-O 10.Bh6 Ne8 11.Bd2 a5 12.b5 Ne7 13.e4 Ng6 14.Bd3 e5 15.Ne2 Nc7 16.h4
h5 17.f4 exf4 18.Nxf4 Bg4 19.O-O Qxh4 20.Qxh4 Nxh4 21.Nd5 Ne6 22.c6 bxc6
23.bxc6 Nc5 24.Bc2 d3 25.Bd1 Nxe4 26.Bf4 Be6 27.Bxh5 Nf5 28.Bf3 Nf6 29.Nxf6+
gxf6 30.c7 Rae8 31.Bc6 Rc8 32.Bb7 Rce8 33.Bc6 Rc8 34.Bd5 Nd4 35.Kf2 Bg4
36.Rab1 Rfe8 37.Rb8 Re2+ 38.Kg1 d2 39.Bb7 Re1 40.Bxd2 Ree8 41.Bxc8 Bxc8 42.Re1
Rf8 43.Bxa5 Nc6 44.Bb4 {#r} 1-0